Les syndicats afro-asiatiques et l'amélioration des conditions du travail et des travailleurs; (Record no. 48978)

MARC details
000 -LEADER
fixed length control field 00756cam a22002171 4500
001 - CONTROL NUMBER
control field ne 66001140
003 - CONTROL NUMBER IDENTIFIER
control field DLC
005 - DATE AND TIME OF LATEST TRANSACTION
control field 20260227111824.0
008 - FIXED-LENGTH DATA ELEMENTS--GENERAL INFORMATION
fixed length control field 760212s1965 xx 000 0 fre
010 ## - LIBRARY OF CONGRESS CONTROL NUMBER
LC control number ne 66001140
035 ## - SYSTEM CONTROL NUMBER
System control number (OCoLC)1987718
040 ## - CATALOGING SOURCE
Original cataloging agency DLC
Transcribing agency TxU
Modifying agency DLC
050 00 - LIBRARY OF CONGRESS CALL NUMBER
Classification number HD6475.A1
Item number S3
100 1# - MAIN ENTRY--PERSONAL NAME
Personal name Sallūm, ʻAbd al-Wahhāb.
245 14 - TITLE STATEMENT
Title Les syndicats afro-asiatiques et l'amélioration des conditions du travail et des travailleurs;
Statement of responsibility, etc. etude comparée par Abdel Wahab El-Salloum.
260 ## - PUBLICATION, DISTRIBUTION, ETC.
Place of publication, distribution, etc. Le Caire,
Name of publisher, distributor, etc. Secrétariat permanent de la solidarité des peuples afro-asiatiques
Date of publication, distribution, etc. [1965]
300 ## - PHYSICAL DESCRIPTION
Extent 48 p.
Dimensions 20 cm.
490 0# - SERIES STATEMENT
Series statement Publications afro-asiatiques,
Volume/sequential designation 13
650 #0 - SUBJECT ADDED ENTRY--TOPICAL TERM
Topical term or geographic name entry element Labor unions
Geographic subdivision Africa.
650 #0 - SUBJECT ADDED ENTRY--TOPICAL TERM
Topical term or geographic name entry element Labor unions
Geographic subdivision Asia.

No items available.

Powered by Koha